淺談聖經預表A brief survey of the typology of the Bible {ch} / (Record no. 20276)
[ view plain ]
| 000 -LEADER | |
|---|---|
| fixed length control field | 00711nam a2200169 4500 |
| 008 - FIXED-LENGTH DATA ELEMENTS--GENERAL INFORMATION | |
| fixed length control field | 040616s2003 -hk chi |
| 020 ## - INTERNATIONAL STANDARD BOOK NUMBER | |
| International Standard Book Number | 9622447368 : |
| Terms of availability | NT208.00 |
| 090 ## - LOCALLY ASSIGNED LC-TYPE CALL NUMBER (OCLC); LOCAL CALL NUMBER (OCLC) | |
| Classification number (OCLC) (R) ; Classification number, CALL (RLIN) (NR) | BS478 |
| Local cutter number (OCLC) ; Book number/undivided call number, CALL (RLIN) | H87b |
| 100 1# - MAIN ENTRY--PERSONAL NAME | |
| Personal name | 作者:: 禤浩榮 Huen, Joseph Hoo-wing |
| 245 10 - TITLE STATEMENT | |
| Title | 淺談聖經預表A brief survey of the typology of the Bible {ch} / |
| Statement of responsibility, etc | 作者:: 禤浩榮 Joseph Hoo-wing Huen. |
| 260 ## - PUBLICATION, DISTRIBUTION, ETC. (IMPRINT) | |
| Place of publication, distribution, etc | Hong Kong : |
| Name of publisher, distributor, etc | 宣道出版社 China Alliane Press, |
| Date of publication, distribution, etc | c2003. |
| 300 ## - PHYSICAL DESCRIPTION | |
| Extent | 177 p. : |
| Other physical details | ills., ports. |
| 650 #4 - SUBJECT ADDED ENTRY--TOPICAL TERM | |
| Topical term or geographic name as entry element | Bible |
| General subdivision | Criticism, interpretation, etc. |
| -- | History {ch}. |
| 650 #4 - SUBJECT ADDED ENTRY--TOPICAL TERM | |
| Topical term or geographic name as entry element | 神學教義>>末世與天國 Typology (Theology) {ch}. |
| 951 ## - EQUIVALENCE OR CROSS-REFERENCE-GEOGRAPHIC NAME/AREA NAME [OBSOLETE] [CAN/MARC only] | |
| General subdivision | 00028180 |
| 951 ## - EQUIVALENCE OR CROSS-REFERENCE-GEOGRAPHIC NAME/AREA NAME [OBSOLETE] [CAN/MARC only] | |
| -- | C-5226 |
| -- | BS478/H87b |
| -- | 070613111400609 |
| -- | 2000-12-21 |
| -- | CH |
| 942 00 - ADDED ENTRY ELEMENTS (KOHA) | |
| Koha issues (borrowed), all copies | 2 |
| Withdrawn status | Lost status | Damaged status | Not for loan | Home library | Current library | Shelving location | Date acquired | Accession number | Shelving control number | Total Checkouts | Full call number | Barcode | Date last seen | Date last borrowed | Price effective from | Koha item type |
|---|---|---|---|---|---|---|---|---|---|---|---|---|---|---|---|---|
| BSOP Library | BSOP Library | Chinese Books (General Circulation) | 12/21/2000 | C-5226 | 127 | 2 | BS478/H87b | 00028180 | 11/05/2018 | 11/05/2018 | 02/23/2013 | Books |
